00702nam a2200193 a 450000100100000000500170001000800410002704000250006804100130009308200160010611000510012224500750017326000490024830000300029770000410032704900090036895201140037799900170049100002854420200930055012.0110411s1998 dr c 000 0 spa d aDO-SdBNPbspacBNPHU1 aspabeng axxxxbS491m2 aServicio Social de Iglesias Dominicanas95550310aMemoria anual 1998 = Annual report 98 /cprólogo José Alcántara. aSanto Domingo :bMedinas & Asocs.,c[1998?]. a55 p. :bretrs. ;c27 cm.12aAlcántara, José,epról.928724 aBNPD 0010718PDaPDbPDcHDd2011-04-11iLF1l0oxxxx S491mp28544-10r2020-06-25w2020-06-25yLFPDZNo se presta c28036d28036